<?xml version="1.0" encoding="UTF-8"?>
<collection xmlns="http://www.loc.gov/MARC21/slim">
 <record>
  <leader>01765nab a2200241 i 4500</leader>
  <controlfield tag="001">acta2721</controlfield>
  <controlfield tag="005">20260204140511.0</controlfield>
  <controlfield tag="008">161015s1985    hu      o     000   hun d</controlfield>
  <datafield tag="022" ind1=" " ind2=" ">
   <subfield code="a">0324-6965</subfield>
  </datafield>
  <datafield tag="040" ind1=" " ind2=" ">
   <subfield code="a">SZTE Egyetemi Kiadványok Repozitórium</subfield>
   <subfield code="b">hun</subfield>
  </datafield>
  <datafield tag="041" ind1=" " ind2=" ">
   <subfield code="a">hun</subfield>
  </datafield>
  <datafield tag="041" ind1=" " ind2=" ">
   <subfield code="a">fre</subfield>
  </datafield>
  <datafield tag="041" ind1=" " ind2=" ">
   <subfield code="a">rus</subfield>
  </datafield>
  <datafield tag="100" ind1="1" ind2=" ">
   <subfield code="a">Makk Ferenc</subfield>
  </datafield>
  <datafield tag="245" ind1="1" ind2="0">
   <subfield code="a">Kiknek az élén állott Levente? </subfield>
   <subfield code="h">[elektronikus dokumentum] :</subfield>
   <subfield code="b">egy konsztantinoszi hely értelmezéséhez /</subfield>
   <subfield code="c"> Makk Ferenc</subfield>
  </datafield>
  <datafield tag="260" ind1=" " ind2=" ">
   <subfield code="a">University of Szeged, Magyar Medievisztikai Kutatócsoport</subfield>
   <subfield code="b">Szeged</subfield>
   <subfield code="c">1985</subfield>
  </datafield>
  <datafield tag="300" ind1=" " ind2=" ">
   <subfield code="a">3-9</subfield>
  </datafield>
  <datafield tag="490" ind1="0" ind2=" ">
   <subfield code="a">Acta Universitatis Szegediensis : acta historica</subfield>
   <subfield code="v">82</subfield>
  </datafield>
  <datafield tag="520" ind1="3" ind2=" ">
   <subfield code="a">Dans cet article, l'auteur fait des observations sur quelques phrases du chapitre 40. de l'oeuvre intitulée De administrando imperio de l'empereur de Byzance Constantin Porphyrogénète. L'essentiel de ces observations est le suivant: ni des arguments linguistiques ou philologiques, ni des arguments logiques ou analytiques ne justifient l'opinion selon laquelle dans la guerre hungarobulgare de 894—895 le prince Levente aurait attaqué les Bulgares en tant que le souverain des trois tribus kabares. Selon l'auteur, le fait que le prince héritier se serait trouvé à la tête des peuples auxiliaires militaires (kabars) alliés à l'époque proche de la conquête du pays n'est pas démontré non plus. L'auteur pense qu'en 894—895 Levente, le fils le plus âgé du duc Árpád a participé à la campagne contre les Bulgares en tant que le chef de l'armée turque (hongroise).</subfield>
  </datafield>
  <datafield tag="650" ind1=" " ind2="4">
   <subfield code="a">Bölcsészettudományok</subfield>
  </datafield>
  <datafield tag="650" ind1=" " ind2="4">
   <subfield code="a">Történettudomány és régészet</subfield>
  </datafield>
  <datafield tag="695" ind1=" " ind2=" ">
   <subfield code="a">Levente, Őstörténet - magyar</subfield>
  </datafield>
  <datafield tag="856" ind1="4" ind2="0">
   <subfield code="u">http://acta.bibl.u-szeged.hu/2721/1/historica_082_003-009.pdf</subfield>
   <subfield code="z">Dokumentum-elérés </subfield>
  </datafield>
 </record>
</collection>
